| 000 | 00632nam a22001817a 4500 | ||
|---|---|---|---|
| 999 |
_c182032 _d182032 |
||
| 005 | 20221018124216.0 | ||
| 020 |
_c200.00 _a9789380522999 |
||
| 037 | _bPinkcity Publishers | ||
| 082 | _a485 | ||
| 100 | _aYadav, Sanwar Singh | ||
| 245 |
_aEnglish Grammar completeGrammar with execise/ _cby Sanwar Singh Yadav |
||
| 260 |
_aJaipur _bPinkcity Publishers _c2021 |
||
| 270 |
_a2561,Ram bhawan,shuara rasta _bjaipur _e302003 |
||
| 300 |
_a226p.: _c26cm(pbk) |
||
| 500 | _aComplete Grammar with exercise | ||
| 942 |
_2ddc _cEN _mYAD _h485 |
||